Αφιέρωμα στον Κ. Γ. Καρυωτάκη

Αποθηκεύτηκε σε:
Λεπτομέρειες βιβλιογραφικής εγγραφής
Συγγραφή απο Οργανισμό/Αρχή: Νέα Εστία
Μορφή: Βιβλίο
Γλώσσα:Greek
Δημοσίευση: Αθήνα : Βιβλιοπωλείον της "Εστίας", 1971.
Θέματα:
Ετικέτες: Προσθήκη ετικέτας
Δεν υπάρχουν, Καταχωρήστε ετικέτα πρώτοι!

MARC

LEADER 00000cam a2200000 i 4500
001 1/50963
008 980807s1971 gr | ||| |||| ||gre||
035 |a 1997  |c ΒΙΒΙΟΘΗΚΗ  |l 10044014 
040 |a GR-MyUA  |b gre  |e AACR2 
041 0 |a gre 
082 0 |a 889.1092 
245 1 0 |a Αφιέρωμα στον Κ. Γ. Καρυωτάκη /   |c Νέα Εστία.  
260 |a Αθήνα :   |b Βιβλιοπωλείον της "Εστίας",   |c 1971.  
300 |a 126 σ. :   |b εικ. ;   |c 25 εκ.  
500 |a Ειδικό αφιέρωμα για τον Κώστα Καρυωτάκη του περιοδικού Νέα Εστία, στο τεύχος 1065, τόμος ενενηκοστός, Νοέμβριος του 1971.  
600 1 0 |a Καρυωτάκης, Κώστας Γ.,   |d 1896-1928. 
650 0 0 |a Greek poetry  |x History and criticism. 
650 0 0 |a Poets, Greek  |x History and criticism. 
710 2 |a Νέα Εστία. 
852 |a INST  |b SAMOS  |e 19980807  |h 889.1092 ΚΑΡ  |p 005300008378  |q 005300008378  |t BK  |y 0 
909 |a Σ  |b 049849